Регионална библиотека "Любен Каравелов" - Русе

Тестове по български език и литература за VІ клас (Запис номер 71378)

MARC детайли
000 -Лидер
Контролно поле с фиксирана дължина 02309nam a2200445 c 4500
003 - Код на организацията, давaща контролен номер
Контролно поле BLK
005 - Дата и час на последна редакция
Контролно поле 20240117094632.0
008 - Елементи от данни с фиксирана дължина
fixed length control field 180408b bul|||||r ||||||| ||bul||
010 ## - Наследен системен номер
LC control number KNG00075747000
020 ## - Международен стандартен номер на книга ISBN
Международен стандартен номер на книга ISBN 978-954-771-206-5
-- издат.: Кръгозор
040 ## - Източник на каталожния запис
Идентификатор на билиотеката - собственик на записа BLK
041 ## - Код за език
Код за езика на текст/звукозапис или на отделно заглавие Български
Код за езика КДБФ Български
072 #7 - Код за тематичната категория
Код организация bullib
Код за тематична категория Н372
Текст Учебни предмети. Учебници Н
080 ## - УДК
Текстов определител УДК Български език в основното училище. Методика на обучението
УДК код - определител по УДК 373.3.016:811.163.2
УДК определител (079)(075.2)
УДК - код + определител 373.3.016:811.163.2(079)(075.2)
080 ## - УДК
Текстов определител УДК Литература в основното училище. Методика на обучението
УДК код - определител по УДК 373.3.016:821
УДК определител (079)(075.2)
УДК - код + определител 373.3.016:821(079)(075.2)
100 1# - Редна дума - Автор
Автор Георгиева, Лалка Донева
Авторска отговорност първи автор
R(LIN) 368975
139 ## - Редно поле
Редна дума Георгиева, Лалка Донева и др.
Авторски знак Георгиев - Г 37
245 10 - Сведения за заглавието
Заглавие Тестове по български език и литература за VІ клас
Подзаглавни данни Нац. проверка VІ кл.
Редно поле (дума) Лалка Донева Георгиева; съавт. Татяна Стоянова Христова.
257 ## - Страна на издаване
Страна на създаване/издаване България
260 ## - Област на издателските данни
-- София
Име на издателя, разпространителя и проч. Кръгозор
Година на издаване 2009
Печатница София : Експреспринт
300 ## - Физическа характеристика
Страници 189 с.
Илюстрации и др. с ил.
Размери/Мащаб 21 см
380 ## - Жанр
Жанр Обществени науки
490 1# - СЕРИИ (Колекции)
Име на серия Пишете за отличен
500 ## - Общи забележки
Забележка В библиогр. каре загл. Тестове по български език и литература за националната проверка VІ клас.
650 #4 - Допълнително описание по предмет – тема
Основно описание – тема или топоним Български език - тестове - учебни помагала
9 (RLIN) 244102
650 #4 - Допълнително описание по предмет – тема
Основно описание – тема или топоним Литература - тестове - учебни помагала
9 (RLIN) 278622
653 ## - Ключова дума – ненормативна
Ключова дума български език
653 ## - Ключова дума – ненормативна
Ключова дума литература
653 ## - Ключова дума – ненормативна
Ключова дума тестове
653 ## - Ключова дума – ненормативна
Ключова дума учебни помагала
653 ## - Ключова дума – ненормативна
Ключова дума учебници за основни училища
659 ## - Тематичен бюлетин
Тематичен бюлетин Н
700 1# - Други автори (авторска отговорност)
Лично име Христова, Татяна Стоянова
Автороска отговорност (Описва отношението между автора и произведението) съавт.
9 (RLIN) 368976
852 ## - Местоположение
Форматна сигнатура Цб 253116
856 4# - Електронен адрес и достъп
Електронен формат pdf - файл
Път до файла /url/
856 4# - Електронен адрес и достъп
Електронен формат pdf - файл
Път до файла /url/
942 ## - АРТИКУЛИ
Вид на библиотечния материал Книги
Скрит в OPAC Не
Koha issues (borrowed), all copies 4
944 ## - СЪЗДАВАНЕ И РЕДАКЦИЯ на ЗАПИСА
Създаване/Редакция Създаване
Дата на регистрацията/редакция 05.10.2011
Статус, дата на статуса Мира Стойчева
Служител, извършил регистрацията/редакцията 30532
944 ## - СЪЗДАВАНЕ И РЕДАКЦИЯ на ЗАПИСА
Създаване/Редакция Редакция
Дата на регистрацията/редакция 24.01.2012
Статус, дата на статуса ф /
Служител, извършил регистрацията/редакцията
999 ## - СИСТЕМНИ КОНТРОЛНИ НОМЕРА
Koha biblionumber 71378
Koha biblioitemnumber 71378
Наличности
Код за отписване Код за изгубен артикул Код за повреда Коз за рестрикции Код за отдаване Артикулен № Име на библиотеката - собственик Име на библиотеката, в която се намира в момента Статус (Текущо местоположение) Дата на вписване в системата Местоположение - отдел Цена в лева Инвентарен номер Систематично азбучна сигнатура Баркод Номер на екземпляра Цена в евро Служебна бележка Служебен тип на артикула Източник на класификационната схема
  Не е изгубен Не е повреден без рестрикции ползва се в читалня 116514 Регионална библиотека "Любен Каравелов" Русе Регионална библиотека "Любен Каравелов" Русе Хранилище 2011-10-05 Хранилище 7.00 120000753432 Цб 253116 120000753432 1 3.58 Дост: Dp Вид: Д N: 10 Дата: 07.03.2011 Книги  
  Не е изгубен Не е повреден без рестрикции заемане за дома 116515 Регионална библиотека "Любен Каравелов" Русе Регионална библиотека "Любен Каравелов" Русе Детски отдел 2011-12-19 Детски отдел 7.00 120000756197 ДН 373.3.016:821/Г 37 120000756197 2 3.58 Дост: Pk Вид: Ф N: 291 Дата: 15.12.2011 Дата инв: 21.08.2015 Бележки инв: Д2015 Книги Universal Decimal Classification
  Не е изгубен Не е повреден без рестрикции заемане за дома 116516 Регионална библиотека "Любен Каравелов" Русе Регионална библиотека "Любен Каравелов" Русе Детски отдел 2011-12-19 Детски отдел 7.00 120000756198 ДН 373.3.016:821/Г 37 120000756198 3 3.58 Дост: Pk Вид: Ф N: 291 Дата: 15.12.2011 Дата инв: 21.08.2015 Бележки инв: Д2015 Книги Universal Decimal Classification
Vip Innovations Ltd, Rousse, Bulgaria 2025